Indian Temples Mythological Elements/ (Record no. 192980)

MARC details
000 -LEADER
fixed length control field 00512nam a22001817a 4500
005 - DATE AND TIME OF LATEST TRANSACTION
control field 20230921141907.0
010 ## - LCCN (DPL NO)
LC control number ENG-135388
020 ## - INTERNATIONAL STANDARD BOOK NUMBER
International Standard Book Number 9789382367288
Terms of availability 675.00
035 ## - SYSTEM CONTROL NUMBER
System control number EN-118920
037 ## - SOURCE OF ACQUISITION
Source of stock number/acquisition DBAD/PUB
082 ## - DEWEY DECIMAL CLASSIFICATION NUMBER
Classification number 230.8
100 ## - MAIN ENTRY--PERSONAL NAME
Personal name Jha, Amol
245 ## - TITLE STATEMENT
Title Indian Temples Mythological Elements/
Statement of responsibility, etc By Amol Jha
260 ## - PUBLICATION, DISTRIBUTION, ETC. (IMPRINT)
Place of publication, distribution, etc Allahabad
Name of publisher, distributor, etc Rini Publication
Date of publication, distribution, etc 2016
270 ## - ADDRESS
Address 59, Pandariba
City Allahabad
Postal code 211003
300 ## - PHYSICAL DESCRIPTION
Extent 224p.
Dimensions 22cm(hb)
942 ## - ADDED ENTRY ELEMENTS (KOHA)
Source of classification or shelving scheme Dewey Decimal Classification
Item type English Books
Call number suffix JHA
Classification part 230.8
Holdings
Withdrawn status Lost status Not for loan Collection code Home library Current library Date acquired Source of acquisition Cost, normal purchase price Full call number Barcode Copy number Cost, replacement price Koha item type
      Non-fiction D.B.Act.Division Mobile Library 12/10/2022 DBAD/PUB 675.00 230.8 JHA EN-118920 1 675.00 English Books

© Delhi Public Library
Hit Counter
free hit counter